History Quiz

Random History or Politics Quiz

Women with a Presidential Medal of Freedom Quiz Stats

 Plays Quiz Updated Jun 8, 2016

Score 0/20 Timer 07:00
2 Plays Today
% Correct
Oprah Winfrey
90.8%
Rosa Parks
89.1%
Margaret Thatcher
85.8%
Lucille Ball
85.6%
Nancy Reagan
80.8%
Barbra Streisand
80.3%
Audrey Hepburn
78.3%
Madeleine Albright
75.8%
Sally Ride
74.7%
Julia Child
74%
% Correct
Carol Burnett
63.1%
Doris Day
50.9%
Sandra Day O'Connor
50.7%
Helen Keller
49.9%
Rosalynn Carter
46.2%
Toni Morrison
45.4%
Ella Fitzgerald
44.8%
Harper Lee
40.6%
Rita Moreno
21.8%
Margaret Chase Smith
5.7%

You're not logged in!

Compare scores with friends on all Sporcle quizzes.
OR
Log In

You Might Also Like...

Show Comments

Extras

Top Quizzes Today


Score Distribution

Your Account Isn't Verified!

In order to create a playlist on Sporcle, you need to verify the email address you used during registration. Go to your Sporcle Settings to finish the process.

Report this User

Report this user for behavior that violates our Community Guidelines.

Details: